MAASAI MARA UNIVERSITY

LIBRARY CATALOGUE

Contact Us: +254 020 2685356/7 or 0774 057787

Box: 861-20500, NAROK, KENYA

Email: info@mmarau.ac.ke

Creating the customer driven library Building on the bookstore model / (Record no. 15618)

MARC details
000 -LEADER
fixed length control field 00572nam a22001937a 4500
003 - CONTROL NUMBER IDENTIFIER
control field OSt
005 - DATE AND TIME OF LATEST TRANSACTION
control field 20221114025442.0
008 - FIXED-LENGTH DATA ELEMENTS--GENERAL INFORMATION
fixed length control field 151103b xxu||||| |||| 00| 0 eng d
020 ## - INTERNATIONAL STANDARD BOOK NUMBER
International Standard Book Number 97881700056
040 ## - CATALOGING SOURCE
Transcribing agency MMU
Original cataloging agency MMU
Language of cataloging eng
Modifying agency MMU
050 ## - LIBRARY OF CONGRESS CALL NUMBER
Classification number Z 716.3 W636 2009
245 ## - TITLE STATEMENT
Title Creating the customer driven library Building on the bookstore model /
Statement of responsibility, etc. Jeannette Woodward.
260 ## - PUBLICATION, DISTRIBUTION, ETC. (IMPRINT)
Place of publication, distribution, etc. New Delhi :
Name of publisher, distributor, etc. Ess Ess,
Date of publication, distribution, etc. 2009.
300 ## - PHYSICAL DESCRIPTION
Extent xviii, 234 p. :
500 ## - GENERAL NOTE
General note Includes index.
650 ## - SUBJECT ADDED ENTRY--TOPICAL TERM
Topical term or geographic name as entry element _Libraries
942 ## - ADDED ENTRY ELEMENTS (KOHA)
Source of classification or shelving scheme Library of Congress Classification
Koha item type L
980 ## - EQUIVALENCE OR CROSS-REFERENCE-SERIES STATEMENT--PERSONAL NAME/TITLE [LOCAL, CANADA]
Personal name ^d20120127 09:46:01^okorir
Holdings
Withdrawn status Lost status Source of classification or shelving scheme Damaged status Not for loan Home library Current library Date acquired Source of acquisition Total Checkouts Full call number Barcode Date last seen Date last checked out Price effective from Koha item type
    Library of Congress Classification     Maasai Mara University Library -Main Campus Maasai Mara University Library -Main Campus 11/03/2015 Purchased 1 Z 716.3 W636 2009 201514731 02/27/2021 02/16/2021 11/03/2015 L
    Library of Congress Classification     Maasai Mara University Library -Main Campus Maasai Mara University Library -Main Campus 07/21/2016 Purchased 1 Z 716.3 W636 2009 20117106 02/28/2018 02/27/2018 07/21/2016 SL
© 2016 Maasai Mara University.